000 00489nam a2200181Ia 4500
005 20250508153114.0
008 008 250505s9999 xx 000 0 eng d
037 _aTextual
040 _aFEDL
_beng
_cFEDL
041 _aeng
_2eng
084 _a912, BOY
_qFEDL
100 _aBoyd Andrew
_999051
245 0 _aAtlas of world affairs
260 _aLondon, UK
_bMethuen and Company Limited
_c1957
300 _a159p.
942 _cTEXL
_h912, BOY
999 _c1340710
_d1340710